000 01270nam a22003017a 4500
999 _c59886
_d59886
005 20240530110341.0
008 141112s2011 le gr 001 0dara d
020 _a9789953824666
040 _aEG-CaGPL
082 0 4 _221
_a189.19\
_bأ ت
100 _aاحمد الصادقى
245 1 0 _aالتاريخ والتقدم :
_bدراسات فى اعمال هشام جعيط : ندوة فكرية /
_cاحمد الصادقى ... [ واخ ] ؛ تحرير عبدالاله بلقزيز
250 _aط 1
260 _aبيروت :
_bمركز دراسات الوحدة العربية ،
_c2011
300 _a92 ص ؛
_c20 سم
600 0 4 _aهشام جعيط
650 0 4 _aالسير ( فقه اسلامى )
650 0 4 _aالثقافة الاسلامية
650 0 4 _aالشخصية
_xالجوانب الاجتماعية
650 0 4 _aالاسلام
_zاوروبا
700 0 _aعبدالمجيد الجهاد
_eمؤلف مشارك
700 0 _aاحمد الصادقى
_eمؤلف مشارك
700 0 _aتوفيق رشد
_eمؤلف مشارك
700 0 _aعمر بوفتاس
_eمؤلف مشارك
700 0 _aعبدالاله بلقزيز
_eمحرر
942 _2ddc
_cBK